000 00790nam a22002417a 4500
008 240606b mp ||||| |||| 00| 0 mon d
020 _a978-99978-54-67-4
035 _a22967
040 _aBUL0163080
_bmon
_cMN-UlNLM
_dMN-UlNLM
_erda
041 _amon
042 _a46424
084 _2NNA
_a84 /4Ита/
_bК 60
100 _aКоллоди К.
245 0 _aПиноккио
264 _aУлаанбаатар
_bМир ном ХГ
_c2018
300 _a77 х.
336 _2rdacontent
_atext
_btxt
337 _2rdamedia
_aunmediated
_bn
338 _2rdacarrier
_avolume
_bnc
650 _aПиноккио хэмээх модон хүүгийн гайхалтай адал явдлын тухай....
942 _2NNA
_cBK
999 _c860006
_d860063